000 00469nam a22001817a 4500
001 T027600010173
008 181111b xve|||||r|||| 00| | esp d
020 _a980-6826-01-6
099 _a307
_bR763
100 _aRomero de Yragorry, Bienvenida
245 _aCómo diseñar proyectos comunitarios. guía teórica-práctica
260 _a
300 _a124p.
500 _aImpreso
650 _aComunidad.
650 _aElaboración de Proyectos
942 _cLIB
999 _c11122
_d11122